Subcommittee on international exchange and payments of the joint economic committee congress of the United States

সংরক্ষণ করুন:
গ্রন্থ-পঞ্জীর বিবরন
বিন্যাস: গ্রন্থ
ভাষা:Undetermined
প্রকাশিত: New York 1969
বিষয়গুলি:
ট্যাগগুলো: ট্যাগ যুক্ত করুন
কোনো ট্যাগ নেই, প্রথমজন হিসাবে ট্যাগ করুন!
Thư viện lưu trữ: Trung tâm Học liệu Trường Đại học Cần Thơ
LEADER 00487nam a2200157Ia 4500
001 CTU_97378
008 210402s9999 xx 000 0 und d
082 |a 337 
082 |b S941/1969 
245 0 |a Subcommittee on international exchange and payments of the joint economic committee congress of the United States 
260 |a New York 
260 |c 1969 
650 |a United States 
650 |x Commerce 
904 |i Tuyến 
980 |a Trung tâm Học liệu Trường Đại học Cần Thơ